Statystyki dla 15 najbardziej dotkniętych krajów Covid-19 - 22 maja 2021

Kliknij tutaj aby rozwiązać quiz!

Ogólne statystyki

  • Ten quiz został rozwiązany 38 razy
  • Średni wynik to 14 z 28

Statystyki odpowiedzi

ogółem
przypadków
dzienny
wzrost
stawka
za milion
kraj% Poprawnych
33 882 33319 639101 832Stany Zjednoczone
97%
2 864 5461517Polska
92%
3 653 0196419Niemcy
86%
4 992 5548709Rosja
86%
4 188 1904717Włochy
78%
16 047 43971 283Brazylia
76%
3 636 4534792Hiszpania
76%
5 593 962
12 61185 532Francja
68%
26 528 846243 777Indie
65%
4 460 4462694Wielka Brytania
65%
3 514 68332 171Argentyna
62%
2 392 7442604Meksyk
59%
154 527Czechy
54%
94 522Holandia
54%
5 178 6488697Turcja
51%
104 216Szwecja
49%
89 786Belgia
41%
3 210 78718 737Kolumbia
38%
100 578Litwa
35%
83 174Węgry
32%
2 823 8878005Iran
30%
96 803Estonia
22%
120 975Słowenia
19%
86 643Chorwacja
16%
89 997Izrael
16%
85 435Panama
14%
84 583Gruzja
5%
122 528Bahrajn
3%

Rozkład punktacji

Percentyl według liczby udzielonych odpowiedzi

Procent ludzi z każdym wynikiem

Twoja historia wyników

Nie rozwiązałeś tego quizu